00998ncm a22002295a 4500001001100000005001700011008004100028080001600069100006100085245008300146254002300229260004500252300008000297490004900377500001900426500011600445500002600561650003400587852001100621952011900632999001700751C00011469c20241029143126.0950810s1891 ddrmtb n 1 ger d a785.1.083.31 aRimsky-Korsakov, Nikolay Andreyevich (d1844-1908)9716410aCapriccio espagnol für grosses Orchester, op. 34 / cvon N. Rimsky Korsakow. a[Kleine Partitur]. aLeipzig : bErnst Eulenburg, c[d. 1891] aPartitura (93 p.) ; c19 cm + eFolleto catálogo de librería editorial.0 aEulenburg´s kleine Partitur Ausgabe ; v842 aN. pl. : 3220. aFecha de publicación tomada de "The new Grove dictionary of music and musicians", vol. 6, Stanley Sadie 1980. aLegado Pérez Casas.14aMúsica para Orquesta.982474 jM-2382 001040708MUSICAaRABASFbRABASFcDP1d1995-08-11eDl0oM-2382p1012459r2024-10-15 09:09:37w2024-10-15yPARTA c11261d11261